Automatizovaný systém pre chov hydiny

Na minha lista:
Detalhes bibliográficos
Autor principal: Traj, Jakub (Author)
Outros Autores: Harťanský, René (Thesis advisor)
Formato: Manuscrito Livro
Idioma:eslovaco
Publicado em: Bratislava : STU v Bratislave FEI, 2022
Assuntos:
Acesso em linha:https://opac.crzp.sk/?fn=detailBiblioForm&sid=D9F0BB0A8DA992698CA996D31B33&seo=CRZP-detail-kniha
Tags: Adicionar Tag
Sem tags, seja o primeiro a adicionar uma tag!

MARC

LEADER 00000ntm a22000003a 4500
001 stuzp88811
003 SK-STU
005 20221121134438.7
007 ta
008 150427s2015----xo-----f-mn---000-0-slo-d
040 |a STU  |b slo 
041 0 |a slo 
044 |a xo 
100 1 |a Traj, Jakub  |u 034000  |4 aut  |U FEI Fakulta elektrotechniky a informatiky  |T FEI Ústav elektrotechniky  |X 92410  |U E040  |Y 550  |7 92410 
242 0 1 |a Automated system for poultry farming  |y eng 
245 1 0 |a Automatizovaný systém pre chov hydiny 
260 |a Bratislava :  |b STU v Bratislave FEI,  |c 2022 
300 |a 63 s. 
650 4 |a RFID technológia  |2 slo 
650 4 |a Wi-Fi  |2 slo 
650 4 |a Arduino UNO  |2 slo 
650 4 |a Raspberry Pi  |2 slo 
650 4 |a LAMP server  |2 slo 
650 4 |a Arduino UNO  |2 eng 
650 4 |a RFID technology  |2 eng 
650 4 |a Raspberry Pi  |2 eng 
650 4 |a LAMP server  |2 eng 
650 4 |a Wi-Fi  |2 eng 
700 1 |a Harťanský, René  |u 034000  |k Z1  |4 ths  |U FEI Fakulta elektrotechniky a informatiky  |T FEI Ústav elektrotechniky  |X 2588  |U E040  |Y 550  |7 A000002588 
856 4 |u https://opac.crzp.sk/?fn=detailBiblioForm&sid=D9F0BB0A8DA992698CA996D31B33&seo=CRZP-detail-kniha